Statistics for North America... or South America

Click here to take the quiz!

General Stats

  • This quiz has been taken 72 times
  • The average score is 13 of 16

Answer Stats

QuestionAnswer% Correct
Touches the EquatorSouth America
91%
Is home to PanamaNorth America
90%
Is over 20,000,000 square kilometersNorth America
88%
Was home to the Inca EmpireSouth America
88%
Contains exactly 13 countriesSouth America
87%
Contains a country beginning with HNorth America
86%
Contains at least one megacity (city with over 10,000,000 people)Both
84%
Hosted the 2016 Summer olympicsSouth America
84%
Borders the Caribbean SeaBoth
83%
Was first reached by EuropeansNorth America
81%
Is mostly ProtestantNorth America
81%
Has recorded temperatures below -60 C (-80 F)North America
80%
Has a mountain over 6,500 metersSouth America
72%
Is home to the driest non polar place on EarthSouth America
58%
Contains a British territoryBoth
55%
Is affected by El NiñoBoth
43%

Score Distribution

Percentile by Number Answered

Percent of People with Each Score

Your Score History

You have not taken this quiz